| 000 | 00694na a2200241 4500 | ||
|---|---|---|---|
| 001 | 14056 | ||
| 003 | MIRAKIL | ||
| 005 | 20181213154739.0 | ||
| 008 | 161102b tu 000 0 | ||
| 035 | _a14056 | ||
| 040 |
_aMilas _btur _cTR-AnCHP |
||
| 041 | _atur | ||
| 082 |
_a923.7 Göğüş,B. _bG73d 2013 |
||
| 090 | _a923.7 Göğüş,B. G73d 2013 | ||
| 100 | _aGöğüş, Beşir | ||
| 245 |
_aDüğümler, düşünceler, anılar _cBeşir Göğüş; hazırlayan: Nil Baransel |
||
| 260 |
_aAnkara _bDil Derneği _c2013 |
||
| 300 |
_a412 s. _bres. _c19 sm. |
||
| 490 |
_aDil Derneği _v24 |
||
| 600 |
_aGöğüş, Beşir _xAnılar |
||
| 650 |
_aEğitimciler _xAnılar |
||
| 942 |
_2ddc _cBKS |
||
| 999 |
_c213 _d213 |
||